[Event "8th Arber Open"]
[Site "chess24.com"]
[Date "2019.07.29"]
[Round "3"]
[White "Tober, Julian"]
[Black "Kasueschke, Lars"]
[Result "1/2-1/2"]
[Board "32"]
[WhiteElo "1796"]
[WhiteTeam "SV Unser Fritz"]
[WhiteCountry "GER"]
[WhiteFideId "24676942"]
[WhiteEloChange "4"]
[BlackElo "1934"]
[BlackTeam "SG Schwaebisch Gmuend"]
[BlackCountry "GER"]
[BlackFideId "12939510"]
[BlackEloChange "-4"]

1. e4 {[%clk 1:30:30]} c5 {[%clk 1:30:30]} 2. Be2 {[%clk 1:30:30]} Nc6 {[%clk
1:30:30]} 3. f4 {[%clk 1:30:30]} Nf6 {[%clk 1:30:30]} 4. d3 {[%clk 1:30:30]} e6
{[%clk 1:30:30]} 5. Nf3 {[%clk 1:30:30]} d5 {[%clk 1:30:30]} 6. e5 {[%clk
1:30:30]} Nd7 {[%clk 1:30:30]} 7. Be3 {[%clk 1:30:30]} f6 {[%clk 1:30:30]} 8. d4
{[%clk 1:30:30]} cxd4 {[%clk 1:30:30]} 9. Nxd4 {[%clk 1:30:30]} Qb6 {[%clk
1:30:30]} 10. Bd3 {[%clk 1:30:30]} g6 {[%clk 1:30:30]} 11. exf6 {[%clk 1:30:30]}
Nxf6 {[%clk 1:30:30]} 12. Nc3 {[%clk 1:30:30]} Bd7 {[%clk 1:30:30]} 13. Qd2
{[%clk 1:30:30]} Qxb2 {[%clk 1:30:30]} 14. Rb1 {[%clk 1:30:30]} Qa3 {[%clk
1:30:30]} 15. Rxb7 {[%clk 1:30:30]} Bb4 {[%clk 1:30:30]} 16. Ndb5 {[%clk
1:30:30]} Qa5 {[%clk 1:30:30]} 17. Nc7+ {[%clk 1:30:30]} Kd8 {[%clk 1:30:30]} 18.
Rxb4 {[%clk 1:30:30]} Qxb4 {[%clk 1:30:30]} 19. Nxa8 {[%clk 1:30:30]} d4 {[%clk
1:30:30]} 20. Ne4 {[%clk 1:30:30]} Qb1+ {[%clk 1:30:30]} 21. Qc1 {[%clk 1:30:30]}
Qb7 {[%clk 1:30:30]} 22. Nxf6 {[%clk 1:30:30]} dxe3 {[%clk 1:30:30]} 23. Nxd7
{[%clk 1:30:30]} Kxd7 {[%clk 1:30:30]} 24. O-O {[%clk 1:30:30]} Rxa8 {[%clk
1:30:30]} 25. Qxe3 {[%clk 1:30:30]} Qb6 {[%clk 1:30:30]} 26. Qxb6 {[%clk
1:30:30]} axb6 {[%clk 1:30:30]} 27. Rd1 {[%clk 1:30:30]} Ke7 {[%clk 1:30:30]} 28.
Be4 {[%clk 1:30:30]} Rc8 {[%clk 1:30:30]} 29. Rb1 {[%clk 1:30:30]} Nd4 {[%clk
1:30:30]} 30. Rxb6 {[%clk 1:30:30]} Kf6 {[%clk 1:30:30]} 31. Rb2 {[%clk 1:30:30]}
Ne2+ {[%clk 1:30:30]} 32. Kf2 {[%clk 1:30:30]} Nxf4 {[%clk 1:30:30]} 33. a4
{[%clk 1:30:30]} Rc4 {[%clk 1:30:30]} 34. Bf3 {[%clk 1:30:30]} Rxa4 {[%clk
1:30:30]} 35. g3 {[%clk 1:30:30]} Nd5 {[%clk 1:30:30]} 36. Rb1 {[%clk 1:30:30]}
Ra2 {[%clk 1:30:30]} 37. Rc1 {[%clk 1:30:30]} Kf5 {[%clk 1:30:30]} 38. Ke2 {[%clk
1:30:30]} g5 {[%clk 1:30:30]} 39. Kd3 {[%clk 1:30:30]} Nf6 {[%clk 1:30:30]} 40.
Be2 {[%clk 1:30:30]} e5 {[%clk 1:30:30]} 41. c4 {[%clk 1:30:30]} e4+ {[%clk
1:30:30]} 42. Ke3 {[%clk 1:30:30]} Ke5 {[%clk 1:30:30]} 43. c5 {[%clk 1:30:30]}
Nd5+ {[%clk 1:30:30]} 44. Kf2 {[%clk 1:30:30]} e3+ {[%clk 1:30:30]} 45. Kf1
{[%clk 1:30:30]} h6 {[%clk 1:30:30]} 46. c6 {[%clk 1:30:30]} Kd6 {[%clk 1:30:30]}
47. Ke1 {[%clk 1:30:30]} Rb2 {[%clk 1:30:30]} 48. Bf3 {[%clk 1:30:30]} Nb6 {[%clk
1:30:30]} 49. c7 {[%clk 1:30:30]} Rxh2 {[%clk 1:30:30]} 50. Rc6+ {[%clk 1:30:30]}
Kd7 {[%clk 1:30:30]} 51. Rxb6 {[%clk 1:30:30]} Kxc7 {[%clk 1:30:30]} 52. Rc6+
{[%clk 1:30:30]} Kd7 {[%clk 1:30:30]} 53. Rc3 {[%clk 1:30:30]} h5 {[%clk
1:30:30]} 54. Rxe3 {[%clk 1:30:30]} g4 {[%clk 1:30:30]} 55. Bd5 {[%clk 1:30:30]}
h4 {[%clk 1:30:30]} 1/2-1/2

[Event "8th Arber Open"]
[Site "chess24.com"]
[Date "2019.07.29"]
[Round "3"]
[White "Desoye, Gernot"]
[Black "Strangmueller, Andreas"]
[Result "1/2-1/2"]
[Board "33"]
[WhiteElo "1777"]
[WhiteTeam "Oesterreich"]
[WhiteCountry "AUT"]
[WhiteFideId "1621793"]
[WhiteEloChange "5"]
[BlackElo "1968"]
[BlackTeam "SK Landshut"]
[BlackCountry "GER"]
[BlackFideId "1270212"]
[BlackEloChange "-5"]

1. d4 {[%clk 1:30:30]} d5 {[%clk 1:30:30]} 2. c4 {[%clk 1:30:30]} c6 {[%clk
1:30:30]} 3. Nf3 {[%clk 1:30:30]} Nf6 {[%clk 1:30:30]} 4. Nc3 {[%clk 1:30:30]}
dxc4 {[%clk 1:30:30]} 5. a4 {[%clk 1:30:30]} Bf5 {[%clk 1:30:30]} 6. e3 {[%clk
1:30:30]} e6 {[%clk 1:30:30]} 7. Bxc4 {[%clk 1:30:30]} Bb4 {[%clk 1:30:30]} 8.
O-O {[%clk 1:30:30]} Nbd7 {[%clk 1:30:30]} 9. Qe2 {[%clk 1:30:30]} Bg6 {[%clk
1:30:30]} 10. Ne5 {[%clk 1:30:30]} O-O {[%clk 1:30:30]} 11. Nxg6 {[%clk 1:30:30]}
hxg6 {[%clk 1:30:30]} 12. Rd1 {[%clk 1:30:30]} Qc7 {[%clk 1:30:30]} 13. Bd2
{[%clk 1:30:30]} e5 {[%clk 1:30:30]} 14. dxe5 {[%clk 1:30:30]} Nxe5 {[%clk
1:30:30]} 15. Bb3 {[%clk 1:30:30]} a5 {[%clk 1:30:30]} 16. Be1 {[%clk 1:30:30]}
Rad8 {[%clk 1:30:30]} 17. h3 {[%clk 1:30:30]} Rfe8 {[%clk 1:30:30]} 18. Rac1
{[%clk 1:30:30]} 1/2-1/2

[Event "8th Arber Open"]
[Site "chess24.com"]
[Date "2019.07.29"]
[Round "3"]
[White "Brandsma, Romayn"]
[Black "Dosch, Markus"]
[Result "1-0"]
[Board "34"]
[WhiteElo "1957"]
[WhiteTeam "HOLLAND"]
[WhiteCountry "NED"]
[WhiteFideId "1054139"]
[WhiteEloChange "5"]
[BlackElo "1787"]
[BlackTeam "SK Buchen"]
[BlackCountry "GER"]
[BlackFideId "24698717"]
[BlackEloChange "-5"]

1. e4 {[%clk 1:30:30]} e6 {[%clk 1:30:30]} 2. d4 {[%clk 1:30:30]} d5 {[%clk
1:30:30]} 3. Nd2 {[%clk 1:30:30]} Nf6 {[%clk 1:30:30]} 4. e5 {[%clk 1:30:30]}
Nfd7 {[%clk 1:30:30]} 5. Bd3 {[%clk 1:30:30]} c5 {[%clk 1:30:30]} 6. c3 {[%clk
1:30:30]} Nc6 {[%clk 1:30:30]} 7. Ne2 {[%clk 1:30:30]} cxd4 {[%clk 1:30:30]} 8.
cxd4 {[%clk 1:30:30]} f6 {[%clk 1:30:30]} 9. exf6 {[%clk 1:30:30]} Nxf6 {[%clk
1:30:30]} 10. Nf3 {[%clk 1:30:30]} Bd6 {[%clk 1:30:30]} 11. O-O {[%clk 1:30:30]}
O-O {[%clk 1:30:30]} 12. a3 {[%clk 1:30:30]} a6 {[%clk 1:30:30]} 13. Bg5 {[%clk
1:30:30]} Ne7 {[%clk 1:30:30]} 14. Qc2 {[%clk 1:30:30]} Qc7 {[%clk 1:30:30]} 15.
Qb1 {[%clk 1:30:30]} Nf5 {[%clk 1:30:30]} 16. Rc1 {[%clk 1:30:30]} Qf7 {[%clk
1:30:30]} 17. Bxf5 {[%clk 1:30:30]} exf5 {[%clk 1:30:30]} 18. Bf4 {[%clk
1:30:30]} Bxf4 {[%clk 1:30:30]} 19. Nxf4 {[%clk 1:30:30]} Be6 {[%clk 1:30:30]}
20. Ng5 {[%clk 1:30:30]} Qd7 {[%clk 1:30:30]} 21. Ngxe6 {[%clk 1:30:30]} Rf7
{[%clk 1:30:30]} 22. Rc7 {[%clk 1:30:30]} Qd6 {[%clk 1:30:30]} 23. Rxf7 {[%clk
1:30:30]} Kxf7 {[%clk 1:30:30]} 24. Qxf5 {[%clk 1:30:30]} Re8 {[%clk 1:30:30]}
25. Re1 {[%clk 1:30:30]} Kg8 {[%clk 1:30:30]} 26. h3 {[%clk 1:30:30]} Re7 {[%clk
1:30:30]} 27. Re5 {[%clk 1:30:30]} 1-0

[Event "8th Arber Open"]
[Site "chess24.com"]
[Date "2019.07.29"]
[Round "3"]
[White "Kiwitz, Henri"]
[Black "Mattes, Heinz, Dr."]
[Result "1-0"]
[Board "35"]
[WhiteElo "1755"]
[WhiteTeam "SV Unser Fritz"]
[WhiteCountry "GER"]
[WhiteFideId "12952397"]
[WhiteEloChange "15"]
[BlackElo "1953"]
[BlackTeam "Muenchener SC"]
[BlackCountry "GER"]
[BlackFideId "24623750"]
[BlackEloChange "-15"]

1. e4 {[%clk 1:30:30]} e6 {[%clk 1:30:30]} 2. d4 {[%clk 1:30:30]} d5 {[%clk
1:30:30]} 3. Bd3 {[%clk 1:30:30]} Nf6 {[%clk 1:30:30]} 4. e5 {[%clk 1:30:30]}
Nfd7 {[%clk 1:30:30]} 5. f4 {[%clk 1:30:30]} c5 {[%clk 1:30:30]} 6. c3 {[%clk
1:30:30]} Nc6 {[%clk 1:30:30]} 7. Nf3 {[%clk 1:30:30]} Qb6 {[%clk 1:30:30]} 8.
Bc2 {[%clk 1:30:30]} cxd4 {[%clk 1:30:30]} 9. cxd4 {[%clk 1:30:30]} Be7 {[%clk
1:30:30]} 10. Nc3 {[%clk 1:30:30]} f6 {[%clk 1:30:30]} 11. O-O {[%clk 1:30:30]}
O-O {[%clk 1:30:30]} 12. Kh1 {[%clk 1:30:30]} a6 {[%clk 1:30:30]} 13. Qd3 {[%clk
1:30:30]} f5 {[%clk 1:30:30]} 14. a3 {[%clk 1:30:30]} Qd8 {[%clk 1:30:30]} 15.
Rg1 {[%clk 1:30:30]} Kh8 {[%clk 1:30:30]} 16. Be3 {[%clk 1:30:30]} Rg8 {[%clk
1:30:30]} 17. g4 {[%clk 1:30:30]} g6 {[%clk 1:30:30]} 18. Rg2 {[%clk 1:30:30]}
fxg4 {[%clk 1:30:30]} 19. Rxg4 {[%clk 1:30:30]} Nf8 {[%clk 1:30:30]} 20. Rag1
{[%clk 1:30:30]} Bd7 {[%clk 1:30:30]} 21. h4 {[%clk 1:30:30]} Be8 {[%clk
1:30:30]} 22. h5 {[%clk 1:30:30]} Bf7 {[%clk 1:30:30]} 23. hxg6 {[%clk 1:30:30]}
Nxg6 {[%clk 1:30:30]} 24. f5 {[%clk 1:30:30]} exf5 {[%clk 1:30:30]} 25. Qxf5
{[%clk 1:30:30]} Qf8 {[%clk 1:30:30]} 26. Qh5 {[%clk 1:30:30]} Qe8 {[%clk
1:30:30]} 27. e6 {[%clk 1:30:30]} Rg7 {[%clk 1:30:30]} 28. exf7 {[%clk 1:30:30]}
Qxf7 {[%clk 1:30:30]} 29. Rxg6 {[%clk 1:30:30]} Rag8 {[%clk 1:30:30]} 30. Rh6
{[%clk 1:30:30]} 1-0

[Event "8th Arber Open"]
[Site "chess24.com"]
[Date "2019.07.29"]
[Round "3"]
[White "Gajewski, Richard"]
[Black "Fruehe, Norbert"]
[Result "0-1"]
[Board "36"]
[WhiteElo "1690"]
[WhiteTeam "Wolframs-Eschenbach"]
[WhiteCountry "GER"]
[WhiteFideId "24602507"]
[WhiteEloChange "-4"]
[BlackElo "1936"]
[BlackTeam "SF Hoerden"]
[BlackCountry "GER"]
[BlackFideId "16209818"]
[BlackEloChange "4"]

1. e4 {[%clk 1:30:30]} e5 {[%clk 1:30:30]} 2. f4 {[%clk 1:30:30]} d5 {[%clk
1:30:30]} 3. Nc3 {[%clk 1:30:30]} c6 {[%clk 1:30:30]} 4. Nf3 {[%clk 1:30:30]}
exf4 {[%clk 1:30:30]} 5. d4 {[%clk 1:30:30]} dxe4 {[%clk 1:30:30]} 6. Nxe4 {[%clk
1:30:30]} Nf6 {[%clk 1:30:30]} 7. Neg5 {[%clk 1:30:30]} Bd6 {[%clk 1:30:30]} 8.
Bc4 {[%clk 1:30:30]} Nd5 {[%clk 1:30:30]} 9. O-O {[%clk 1:30:30]} O-O {[%clk
1:30:30]} 10. c3 {[%clk 1:30:30]} Nd7 {[%clk 1:30:30]} 11. Ne4 {[%clk 1:30:30]}
Bc7 {[%clk 1:30:30]} 12. Qb3 {[%clk 1:30:30]} N7f6 {[%clk 1:30:30]} 13. Nc5
{[%clk 1:30:30]} Qd6 {[%clk 1:30:30]} 14. Ne5 {[%clk 1:30:30]} b6 {[%clk
1:30:30]} 15. Ncd3 {[%clk 1:30:30]} f3 {[%clk 1:30:30]} 16. Rxf3 {[%clk 1:30:30]}
b5 {[%clk 1:30:30]} 17. Bxd5 {[%clk 1:30:30]} Nxd5 {[%clk 1:30:30]} 18. Nf4
{[%clk 1:30:30]} Be6 {[%clk 1:30:30]} 19. Nxe6 {[%clk 1:30:30]} fxe6 {[%clk
1:30:30]} 20. Bd2 {[%clk 1:30:30]} Rxf3 {[%clk 1:30:30]} 21. gxf3 {[%clk
1:30:30]} Rf8 {[%clk 1:30:30]} 22. Rf1 {[%clk 1:30:30]} Rf5 {[%clk 1:30:30]} 23.
Rf2 {[%clk 1:30:30]} Qf8 {[%clk 1:30:30]} 24. f4 {[%clk 1:30:30]} Qf6 {[%clk
1:30:30]} 25. c4 {[%clk 1:30:30]} Nxf4 {[%clk 1:30:30]} 26. Bxf4 {[%clk 1:30:30]}
Rxf4 {[%clk 1:30:30]} 27. Rxf4 {[%clk 1:30:30]} Qxf4 {[%clk 1:30:30]} 28. cxb5
{[%clk 1:30:30]} Qxd4+ {[%clk 1:30:30]} 0-1

[Event "8th Arber Open"]
[Site "chess24.com"]
[Date "2019.07.30"]
[Round "4"]
[White "Delchev, Aleksander"]
[Black "Bogdanov, Egor"]
[Result "1/2-1/2"]
[Board "1"]
[WhiteElo "2571"]
[WhiteTitle "GM"]
[WhiteCountry "BUL"]
[WhiteFideId "2900394"]
[WhiteEloChange "-2"]
[BlackElo "2407"]
[BlackTitle "IM"]
[BlackCountry "UKR"]
[BlackFideId "14119137"]
[BlackEloChange "2"]

1. e4 {[%clk 1:28:21]} g6 {[%clk 1:30:42]} 2. d4 {[%clk 1:28:23]} d6 {[%clk
1:31:04]} 3. Nf3 {[%clk 1:28:38]} Nf6 {[%clk 1:31:28]} 4. Bd3 {[%clk 1:28:35]}
Bg7 {[%clk 1:31:50]} 5. O-O {[%clk 1:28:59]} O-O {[%clk 1:32:11]} 6. Re1 {[%clk
1:29:25]} Nc6 {[%clk 1:29:36]} 7. c3 {[%clk 1:29:50]} e5 {[%clk 1:29:00]} 8. Na3
{[%clk 1:30:05]} h6 {[%clk 1:22:42]} 9. dxe5 {[%clk 1:19:35]} Nxe5 {[%clk
1:20:38]} 10. Nxe5 {[%clk 1:20:00]} dxe5 {[%clk 1:21:05]} 11. Nc4 {[%clk
1:20:25]} Qe7 {[%clk 1:20:17]} 12. b4 {[%clk 1:20:27]} Rd8 {[%clk 1:19:56]} 13.
Qc2 {[%clk 1:19:38]} Nh5 {[%clk 1:11:43]} 14. Be3 {[%clk 1:19:31]} Be6 {[%clk
1:02:39]} 15. Na5 {[%clk 1:15:41]} c6 {[%clk 1:02:43]} 16. Rad1 {[%clk 1:15:58]}
Qc7 {[%clk 1:02:38]} 17. Bc4 {[%clk 1:14:35]} Bxc4 {[%clk 0:59:56]} 18. Nxc4
{[%clk 1:15:03]} b6 {[%clk 0:59:55]} 19. a4 {[%clk 1:11:47]} Nf4 {[%clk 0:56:48]}
20. Rxd8+ {[%clk 0:52:33]} Rxd8 {[%clk 0:57:08]} 21. Rd1 {[%clk 0:52:58]} Rd7
{[%clk 0:54:15]} 22. g3 {[%clk 0:37:13]} Ne6 {[%clk 0:52:32]} 23. Rxd7 {[%clk
0:37:36]} Qxd7 {[%clk 0:52:58]} 24. Qd2 {[%clk 0:38:01]} Qxd2 {[%clk 0:45:39]}
25. Bxd2 {[%clk 0:38:30]} b5 {[%clk 0:43:01]} 26. axb5 {[%clk 0:34:36]} cxb5
{[%clk 0:42:35]} 27. Na5 {[%clk 0:35:03]} Nd8 {[%clk 0:39:39]} 28. Be3 {[%clk
0:30:47]} a6 {[%clk 0:39:58]} 29. Kf1 {[%clk 0:09:59]} Kf8 {[%clk 0:39:55]} 30.
Ke2 {[%clk 0:10:23]} Ke7 {[%clk 0:39:20]} 31. Kd3 {[%clk 0:10:35]} Kd7 {[%clk
0:38:30]} 32. g4 {[%clk 0:08:29]} Ne6 {[%clk 0:35:52]} 33. Nb3 {[%clk 0:08:09]}
h5 {[%clk 0:35:10]} 34. gxh5 {[%clk 0:08:35]} gxh5 {[%clk 0:35:37]} 35. Nd2
{[%clk 0:08:37]} Bf6 {[%clk 0:32:36]} 36. Nf3 {[%clk 0:08:58]} Kd6 {[%clk
0:29:08]} 37. Ke2 {[%clk 0:08:09]} 1/2-1/2

[Event "8th Arber Open"]
[Site "chess24.com"]
[Date "2019.07.30"]
[Round "4"]
[White "Kneutgen, Alexander"]
[Black "Bensch, Patrick"]
[Result "1/2-1/2"]
[Board "6"]
[WhiteElo "1920"]
[WhiteCountry "GER"]
[WhiteFideId "4637364"]
[WhiteEloChange "7"]
[BlackElo "2197"]
[BlackTitle "FM"]
[BlackCountry "GER"]
[BlackFideId "4617401"]
[BlackEloChange "-7"]

1. Nf3 {[%clk 1:30:53]} Nf6 {[%clk 1:25:28]} 2. g3 {[%clk 1:31:10]} g6 {[%clk
1:25:37]} 3. Bg2 {[%clk 1:31:29]} Bg7 {[%clk 1:25:42]} 4. O-O {[%clk 1:31:41]} d5
{[%clk 1:25:34]} 5. d3 {[%clk 1:31:15]} O-O {[%clk 1:25:24]} 6. Nbd2 {[%clk
1:31:23]} c5 {[%clk 1:23:57]} 7. e4 {[%clk 1:30:01]} Nc6 {[%clk 1:23:27]} 8. c3
{[%clk 1:27:04]} e5 {[%clk 1:18:33]} 9. a3 {[%clk 1:23:23]} b6 {[%clk 1:10:07]}
10. Re1 {[%clk 1:15:58]} Bb7 {[%clk 1:02:12]} 11. Qe2 {[%clk 1:08:07]} Re8 {[%clk
0:59:33]} 12. exd5 {[%clk 0:53:21]} Nxd5 {[%clk 0:59:46]} 13. Nc4 {[%clk
0:51:32]} b5 {[%clk 0:56:53]} 14. Ne3 {[%clk 0:47:43]} Nf4 {[%clk 0:48:46]} 15.
gxf4 {[%clk 0:45:33]} exf4 {[%clk 0:49:13]} 16. Qf1 {[%clk 0:45:00]} fxe3 {[%clk
0:49:21]} 17. Bxe3 {[%clk 0:45:06]} Ne5 {[%clk 0:30:31]} 18. Nxe5 {[%clk
0:42:17]} Bxg2 {[%clk 0:30:58]} 19. Qxg2 {[%clk 0:42:18]} Rxe5 {[%clk 0:30:53]}
20. d4 {[%clk 0:35:28]} cxd4 {[%clk 0:30:57]} 21. Bxd4 {[%clk 0:34:27]} Rg5
{[%clk 0:24:08]} 22. Re8+ {[%clk 0:34:35]} Qxe8 {[%clk 0:24:27]} 23. Qxg5 {[%clk
0:34:56]} h6 {[%clk 0:18:19]} 24. Qe3 {[%clk 0:30:45]} Bxd4 {[%clk 0:18:19]} 25.
cxd4 {[%clk 0:29:58]} Rd8 {[%clk 0:14:45]} 26. Qxe8+ {[%clk 0:24:48]} Rxe8 {[%clk
0:15:12]} 27. Rc1 {[%clk 0:24:19]} Re2 {[%clk 0:09:13]} 28. Rc7 {[%clk 0:23:48]}
a5 {[%clk 0:08:55]} 29. b3 {[%clk 0:19:11]} Rb2 {[%clk 0:06:54]} 30. Ra7 {[%clk
0:18:47]} Rxb3 {[%clk 0:07:08]} 31. Rxa5 {[%clk 0:18:42]} Kg7 {[%clk 0:07:27]}
32. Kg2 {[%clk 0:18:01]} Kf6 {[%clk 0:07:36]} 33. a4 {[%clk 0:13:20]} bxa4 {[%clk
0:06:06]} 34. Rxa4 {[%clk 0:13:40]} Rd3 {[%clk 0:05:27]} 35. h4 {[%clk 0:12:39]}
h5 {[%clk 0:05:06]} 36. f3 {[%clk 0:12:43]} Ke6 {[%clk 0:04:42]} 37. Kg3 {[%clk
0:12:34]} Kd5 {[%clk 0:03:09]} 38. Ra7 {[%clk 0:11:33]} Ke6 {[%clk 0:02:40]} 39.
Ra6+ {[%clk 0:11:15]} Kd5 {[%clk 0:02:46]} 40. Ra7 {[%clk 0:11:34]} Rxd4 {[%clk
0:01:34]} 41. Rxf7 {[%clk 0:11:42]} Ke5 {[%clk 0:01:18]} 42. Re7+ {[%clk
0:10:16]} Kf5 {[%clk 0:00:57]} 43. Rf7+ {[%clk 0:10:34]} Ke5 {[%clk 0:01:06]} 44.
Re7+ {[%clk 0:10:54]} Kf5 {[%clk 0:00:54]} 1/2-1/2

[Event "8th Arber Open"]
[Site "chess24.com"]
[Date "2019.07.30"]
[Round "4"]
[White "Schleining, Zoya"]
[Black "Rotstein, Arkadij"]
[Result "1/2-1/2"]
[Board "7"]
[WhiteElo "2339"]
[WhiteTitle "IM"]
[WhiteCountry "GER"]
[WhiteFideId "4671660"]
[WhiteEloChange "4"]
[BlackElo "2471"]
[BlackTitle "GM"]
[BlackCountry "GER"]
[BlackFideId "4662997"]
[BlackEloChange "-2"]

1. d4 {[%clk 1:30:58]} g6 {[%clk 1:30:51]} 2. e4 {[%clk 1:31:21]} Bg7 {[%clk
1:31:13]} 3. Nc3 {[%clk 1:31:39]} c6 {[%clk 1:30:58]} 4. h3 {[%clk 1:30:58]} d5
{[%clk 1:30:28]} 5. Nf3 {[%clk 1:30:52]} dxe4 {[%clk 1:29:08]} 6. Nxe4 {[%clk
1:31:16]} Nd7 {[%clk 1:29:28]} 7. Bc4 {[%clk 1:25:22]} Ngf6 {[%clk 1:27:19]} 8.
Nxf6+ {[%clk 1:23:10]} Nxf6 {[%clk 1:27:41]} 9. O-O {[%clk 1:21:36]} O-O {[%clk
1:27:46]} 10. Re1 {[%clk 1:19:53]} Qc7 {[%clk 1:24:27]} 11. Qe2 {[%clk 1:11:22]}
e6 {[%clk 1:23:15]} 12. a4 {[%clk 1:04:42]} b6 {[%clk 1:21:34]} 13. Ne5 {[%clk
1:04:23]} Nd5 {[%clk 1:17:59]} 14. Bxd5 {[%clk 1:00:25]} cxd5 {[%clk 1:05:27]}
15. Bf4 {[%clk 0:42:43]} Qb7 {[%clk 1:05:27]} 16. Ng4 {[%clk 0:42:19]} h5 {[%clk
0:53:41]} 17. Ne5 {[%clk 0:42:19]} Kh7 {[%clk 0:53:41]} 18. Ra3 {[%clk 0:38:11]}
Qe7 {[%clk 0:38:53]} 19. Rf3 {[%clk 0:20:36]} Bd7 {[%clk 0:34:42]} 20. g4 {[%clk
0:17:54]} h4 {[%clk 0:11:35]} 21. Bg5 {[%clk 0:07:51]} Qxg5 {[%clk 0:09:07]} 22.
Nxd7 {[%clk 0:08:12]} Bxd4 {[%clk 0:09:07]} 23. Nxf8+ {[%clk 0:08:09]} Rxf8
{[%clk 0:09:40]} 24. c3 {[%clk 0:07:26]} Bg7 {[%clk 0:09:40]} 25. Qe3 {[%clk
0:07:26]} Qe7 {[%clk 0:06:18]} 26. Qd3 {[%clk 0:04:13]} Qc7 {[%clk 0:04:25]} 27.
Qd2 {[%clk 0:03:43]} Kg8 {[%clk 0:04:25]} 28. Qg5 {[%clk 0:03:43]} Qc6 {[%clk
0:04:47]} 29. Qxh4 {[%clk 0:03:17]} d4 {[%clk 0:05:05]} 30. Qg3 {[%clk 0:03:15]}
dxc3 {[%clk 0:05:23]} 31. bxc3 {[%clk 0:03:22]} Qxa4 {[%clk 0:05:30]} 32. Qc7
{[%clk 0:03:00]} b5 {[%clk 0:04:55]} 33. Ree3 {[%clk 0:03:00]} a5 {[%clk
0:04:55]} 34. Rd3 {[%clk 0:02:48]} e5 {[%clk 0:01:56]} 35. Rd8 {[%clk 0:02:48]}
Qa2 {[%clk 0:01:40]} 36. Rxf8+ {[%clk 0:02:44]} Bxf8 {[%clk 0:02:07]} 37. Qxe5
{[%clk 0:02:44]} a4 {[%clk 0:02:07]} 38. Qxb5 {[%clk 0:02:32]} a3 {[%clk
0:02:28]} 39. c4 {[%clk 0:02:32]} Qa1+ {[%clk 0:01:12]} 40. Kg2 {[%clk 0:03:00]}
a2 {[%clk 0:27:39]} 41. Qb8 {[%clk 0:07:49]} Qg7 {[%clk 0:28:00]} 42. Ra3 {[%clk
0:07:49]} a1Q {[%clk 0:28:00]} 43. Rxa1 {[%clk 0:08:16]} Qxa1 {[%clk 0:28:23]}
44. Qf4 {[%clk 0:08:16]} Bc5 {[%clk 0:28:23]} 45. h4 {[%clk 0:06:32]} Qd4 {[%clk
0:24:05]} 46. Qxd4 {[%clk 0:06:35]} Bxd4 {[%clk 0:24:33]} 47. f4 {[%clk 0:06:26]}
Kf8 {[%clk 0:14:39]} 48. Kf3 {[%clk 0:06:24]} Ke7 {[%clk 0:14:53]} 49. Ke4 {[%clk
0:01:23]} Bf2 {[%clk 0:13:37]} 50. h5 {[%clk 0:01:48]} gxh5 {[%clk 0:14:02]} 51.
gxh5 {[%clk 0:02:14]} Ke6 {[%clk 0:13:35]} 52. f5+ {[%clk 0:02:20]} Kf6 {[%clk
0:04:47]} 53. h6 {[%clk 0:02:27]} Bc5 {[%clk 0:04:59]} 54. Kd5 {[%clk 0:01:26]}
Be3 {[%clk 0:05:17]} 55. h7 {[%clk 0:01:15]} Kg7 {[%clk 0:05:38]} 56. c5 {[%clk
0:00:59]} Kxh7 {[%clk 0:05:55]} 57. Kd6 {[%clk 0:00:49]} Kg7 {[%clk 0:06:01]} 58.
c6 {[%clk 0:01:01]} Kf6 {[%clk 0:06:07]} 59. Kd7 {[%clk 0:01:21]} Bf4 {[%clk
0:05:16]} 60. Ke8 {[%clk 0:01:50]} Bd6 {[%clk 0:04:41]} 61. Kd7 {[%clk 0:02:12]}
Bf4 {[%clk 0:03:00]} 62. Ke8 {[%clk 0:02:40]} Bg3 {[%clk 0:01:59]} 63. Kf8 {[%clk
0:02:54]} Bf4 {[%clk 0:01:05]} 64. Ke8 {[%clk 0:03:18]} Bd6 {[%clk 0:00:44]} 65.
Kd7 {[%clk 0:03:38]} Bh2 {[%clk 0:00:42]} 66. Ke8 {[%clk 0:03:26]} Bb8 {[%clk
0:00:38]} 67. Kf8 {[%clk 0:03:44]} Bd6+ {[%clk 0:00:43]} 68. Ke8 {[%clk 0:03:44]}
Bc7 {[%clk 0:00:41]} 69. Kd7 {[%clk 0:03:43]} Bb6 {[%clk 0:00:50]} 70. Ke8 {[%clk
0:04:07]} Ba5 {[%clk 0:01:07]} 71. Kf8 {[%clk 0:04:28]} Bb6 {[%clk 0:01:10]} 72.
Ke8 {[%clk 0:04:52]} Kg7 {[%clk 0:00:50]} 73. Kd7 {[%clk 0:04:20]} Ba5 {[%clk
0:00:59]} 74. Ke8 {[%clk 0:03:43]} Bc7 {[%clk 0:01:20]} 75. Kd7 {[%clk 0:04:05]}
Be5 {[%clk 0:01:47]} 76. Ke8 {[%clk 0:03:32]} Kf6 {[%clk 0:00:50]} 77. Kf8 {[%clk
0:03:55]} Bb8 {[%clk 0:00:45]} 78. Ke8 {[%clk 0:04:17]} Bd6 {[%clk 0:00:59]} 79.
Kd7 {[%clk 0:03:58]} Be5 {[%clk 0:00:59]} 1/2-1/2